<?xml version="1.0" encoding="UTF-8"?>
<collection xmlns="http://www.loc.gov/MARC21/slim">
 <record>
  <leader>01390aam a22002178a 4500</leader>
  <controlfield tag="001">NCT_145276</controlfield>
  <controlfield tag="008">090916s2009                  ||||||viesd</controlfield>
  <datafield tag="999" ind1=" " ind2=" ">
   <subfield code="c">7483</subfield>
   <subfield code="d">7483</subfield>
  </datafield>
  <datafield tag="020" ind1=" " ind2=" ">
   <subfield code="c">228000</subfield>
   <subfield code="a">978-604-82-6962-3</subfield>
  </datafield>
  <datafield tag="082" ind1="0" ind2="4">
   <subfield code="2">23rd ed.</subfield>
   <subfield code="a">720.47</subfield>
   <subfield code="b">T513</subfield>
  </datafield>
  <datafield tag="100" ind1="1" ind2=" ">
   <subfield code="a">Trần Minh Tùng</subfield>
  </datafield>
  <datafield tag="245" ind1="1" ind2="0">
   <subfield code="a">Kiến trúc &amp; con người</subfield>
   <subfield code="c">Trần Minh Tùng</subfield>
  </datafield>
  <datafield tag="260" ind1=" " ind2=" ">
   <subfield code="a">H.</subfield>
   <subfield code="b">Xây dựng</subfield>
   <subfield code="c">2022</subfield>
  </datafield>
  <datafield tag="300" ind1=" " ind2=" ">
   <subfield code="a">237 tr.</subfield>
   <subfield code="b">Minh họa</subfield>
   <subfield code="c">21 cm</subfield>
  </datafield>
  <datafield tag="500" ind1=" " ind2=" ">
   <subfield code="a">ĐTTS ghi: Trường Đại học Xây dựng Hà Nội. Khoa Kiến trúc &amp; Quy Hoạch. Bộ môn Kiến trúc dân dụng</subfield>
  </datafield>
  <datafield tag="520" ind1="3" ind2=" ">
   <subfield code="a">Nội dung sách trình bày mối quan hệ giữa con người, thiên nhiên và kiến trúc; kiến trúc của con người, do con người và vì con người; thực hành kiến trúc dưới góc độ nhân học; kiến trúc Việt Nam giữa dòng chảy văn hoá Đông - Tây.</subfield>
  </datafield>
  <datafield tag="653" ind1=" " ind2=" ">
   <subfield code="a">Kiến trúc</subfield>
  </datafield>
  <datafield tag="942" ind1=" " ind2=" ">
   <subfield code="2">ddc</subfield>
   <subfield code="c">BK</subfield>
  </datafield>
  <datafield tag="952" ind1=" " ind2=" ">
   <subfield code="0">0</subfield>
   <subfield code="1">0</subfield>
   <subfield code="2">ddc</subfield>
   <subfield code="4">0</subfield>
   <subfield code="6">720_470000000000000_T513</subfield>
   <subfield code="7">0</subfield>
   <subfield code="9">26885</subfield>
   <subfield code="a">000001</subfield>
   <subfield code="b">000001</subfield>
   <subfield code="d">2023-03-27</subfield>
   <subfield code="l">1</subfield>
   <subfield code="o">720.47 T513</subfield>
   <subfield code="p">MD.21185</subfield>
   <subfield code="r">2023-04-28</subfield>
   <subfield code="s">2023-04-19</subfield>
   <subfield code="v">228000.00</subfield>
   <subfield code="w">2023-03-27</subfield>
   <subfield code="y">BK</subfield>
  </datafield>
  <datafield tag="952" ind1=" " ind2=" ">
   <subfield code="0">0</subfield>
   <subfield code="1">0</subfield>
   <subfield code="2">ddc</subfield>
   <subfield code="4">0</subfield>
   <subfield code="6">720_470000000000000_T513</subfield>
   <subfield code="7">0</subfield>
   <subfield code="9">26886</subfield>
   <subfield code="a">000001</subfield>
   <subfield code="b">000001</subfield>
   <subfield code="d">2023-03-27</subfield>
   <subfield code="o">720.47 T513</subfield>
   <subfield code="p">MD.21186</subfield>
   <subfield code="r">2023-03-27</subfield>
   <subfield code="v">228000.00</subfield>
   <subfield code="w">2023-03-27</subfield>
   <subfield code="y">BK</subfield>
  </datafield>
  <datafield tag="980" ind1=" " ind2=" ">
   <subfield code="a">Thư viện Trường Đại học Nam Cần Thơ</subfield>
  </datafield>
 </record>
</collection>
